Historia de Italia / (Registro nro. 40570)
[ vista simple ]
| 000 -LEADER | |
|---|---|
| fixed length control field | 01162cam a2200325 i 4500 |
| 001 - CONTROL NUMBER | |
| control field | 40570 |
| 003 - CONTROL NUMBER IDENTIFIER | |
| control field | Mx-PuUPA |
| 005 - DATE AND TIME OF LATEST TRANSACTION | |
| control field | 20221010112118.0 |
| 008 - FIXED-LENGTH DATA ELEMENTS--GENERAL INFORMATION | |
| fixed length control field | 140415s1935 sp ab gr 001 0 spa d |
| 040 ## - CATALOGING SOURCE | |
| Original cataloging agency | Mx-PuUPA |
| Language of cataloging | spa |
| Transcribing agency | Mx-PuUPA |
| Modifying agency | Mx-PuUPA |
| Description conventions | rda |
| 041 1# - LANGUAGE CODE | |
| Language code of text/sound track or separate title | spa |
| Language code of original | und |
| 100 1# - MAIN ENTRY--PERSONAL NAME | |
| Personal name | Orsi, Pietro, |
| Relator term | autor |
| Dates associated with a name | 1863-1943 |
| 9 (RLIN) | 13353 |
| Titles and words associated with a name | Conte, |
| 245 10 - TITLE STATEMENT | |
| Title | Historia de Italia / |
| Statement of responsibility, etc. | Pietro Orsi ; traducción de Juan Moneva y Puyol |
| 250 ## - EDITION STATEMENT | |
| Edition statement | Segunda edición / |
| Remainder of edition statement | revisada |
| 264 #1 - PRODUCTION, PUBLICATION, DISTRIBUTION, MANUFACTURE, AND COPYRIGHT NOTICE | |
| Place of production, publication, distribution, manufacture | Barcelona |
| Name of producer, publisher, distributor, manufacturer | Editorial Labor, |
| Date of production, publication, distribution, manufacture, or copyright notice | 1935 |
| 300 ## - PHYSICAL DESCRIPTION | |
| Extent | 397 páginas, xvi páginas de laminas : |
| Other physical details | ilustraciones, mapas ; |
| Dimensions | 19 cm |
| 336 ## - CONTENT TYPE | |
| Fuente | rdacontent |
| Content type term | texto |
| Content type code | txt |
| 336 ## - CONTENT TYPE | |
| Fuente | rdacontent |
| Content type term | imagen fija |
| Content type code | sti |
| 337 ## - MEDIA TYPE | |
| Source | rdamedia |
| Media type term | sin medio |
| Media type code | n |
| 338 ## - CARRIER TYPE | |
| Source | rdacarrier |
| Carrier type term | volumen |
| Carrier type code | nc |
| 490 0# - SERIES STATEMENT | |
| Series statement | Colección labor |
| 490 0# - SERIES STATEMENT | |
| Series statement | Biblioteca de iniciación cultural ; |
| Volume/sequential designation | Sección VI |
| 490 0# - SERIES STATEMENT | |
| Series statement | Ciencias históricas ; |
| Volume/sequential designation | 110-111 |
| 651 #4 - SUBJECT ADDED ENTRY--GEOGRAPHIC NAME | |
| Geographic name | Italia |
| General subdivision | Historia |
| 700 1# - ADDED ENTRY--PERSONAL NAME | |
| Personal name | Moneva y Puyol, Juan, |
| Relator term | traducción |
| 942 ## - ADDED ENTRY ELEMENTS (KOHA) | |
| Source of classification or shelving scheme | Dewey Decimal Classification |
| Koha item type | Libro |
| Classification part | 937 |
| Item part | O76 |
| Withdrawn status | Lost status | Source of classification or shelving scheme | Damaged status | Not for loan | Collection code | Home library | Current library | Shelving location | Date acquired | Source of acquisition | Total Checkouts | Full call number | Barcode | Date last seen | Date last checked out | Price effective from | Koha item type |
|---|---|---|---|---|---|---|---|---|---|---|---|---|---|---|---|---|---|
| Dewey Decimal Classification | General | Biblioteca Karol Wojtyla | Biblioteca Karol Wojtyla | Sala general | 03/12/2013 | Donación | 3 | 937 O76 1935 | 61147 | 09/02/2026 | 05/02/2026 | 03/12/2013 | Libro |